Engineering thermodynamics : a generalised approach (Record no. 199076)

MARC details
000 -LEADER
fixed length control field 00422nam a2200145Ia 4500
008 - FIXED-LENGTH DATA ELEMENTS--GENERAL INFORMATION
fixed length control field 231217s9999 xx 000 0 und d
041 ## - LANGUAGE CODE
Language code of text/sound track or separate title English
082 ## - DEWEY DECIMAL CLASSIFICATION NUMBER
Classification number 621.4021 THU;1 R
100 ## - MAIN ENTRY--PERSONAL NAME
Personal name Thurlow, G. Lee, A B.
245 #0 - TITLE STATEMENT
Title Engineering thermodynamics : a generalised approach
260 ## - PUBLICATION, DISTRIBUTION, ETC.
Date of publication, distribution, etc. 1964
Name of publisher, distributor, etc. The English Universities press
Place of publication, distribution, etc. London
300 ## - PHYSICAL DESCRIPTION
Extent x, 342
400 ## - SERIES STATEMENT/ADDED ENTRY--PERSONAL NAME [OBSOLETE, CAN/MARC], [LOCAL, USA]
Personal name The higher technical series
942 ## - ADDED ENTRY ELEMENTS (KOHA)
Koha item type Books
Holdings
Date last seen Total checkouts Full call number Accession number Price effective from Category Public note Lost status Damaged status Department Withdrawn status Home library Current library Shelving location Entry date Grants Currency symbol Conversion rate Discount
26/01/2024   621.4021 THU;1 R 92751 26/01/2024 Books Rare book     EC   Central Library Central Library Central Library 29/07/2019 DONATED RS 1  

© For any Suggestions or Query, please contact the library staff @ librarian@pes.edu or Phone: +9180 2672 1983/ 2108.